Nghiên cứu chiết tách và xác định một số thành phần hóa học trong lá diếp cá ở huyện Điện Bàn tỉnh Quảng Nam
Tổng quan: Giới thiệu cây diếp cá. Tổng quan về thành phầnhoa học...Nguyên liệu và phương pháp nghiên cứu . Kết quả và bàn luận.
Tallennettuna:
| Päätekijä: | |
|---|---|
| Muut tekijät: | |
| Aineistotyyppi: | Kirja |
| Kieli: | Vietnamese |
| Julkaistu: |
Đà Nẵng
Đại học Sư phạm
2011
|
| Aiheet: | |
| Tagit: |
Lisää tagi
Ei tageja, Lisää ensimmäinen tagi!
|
| Thư viện lưu trữ: | Mạng thư viện Đại học Đà Nẵng |
|---|
| LEADER | 01232nam a2200325 4500 | ||
|---|---|---|---|
| 001 | 000012552 | ||
| 003 | 8856 | ||
| 005 | 20120222090256.0 | ||
| 008 | 120222s2011 viesd | ||
| 041 | |a vie | ||
| 072 | |a Khóa luận tốt nghiệp | ||
| 082 | |a 635.52022 |b HU-T | ||
| 100 | |a Huỳnh, Thị Thủy |e Tác giả | ||
| 245 | |a Nghiên cứu chiết tách và xác định một số thành phần hóa học trong lá diếp cá ở huyện Điện Bàn tỉnh Quảng Nam |c Huỳnh Thị Thủy | ||
| 260 | |a Đà Nẵng |b Đại học Sư phạm |c 2011 | ||
| 300 | |a 63 tr. |c 29 cm | ||
| 500 | |a Khóa luận tốt nghiệp khoa Hóa. Lớp 07 CHD | ||
| 520 | |a Tổng quan: Giới thiệu cây diếp cá. Tổng quan về thành phầnhoa học...Nguyên liệu và phương pháp nghiên cứu . Kết quả và bàn luận. | ||
| 653 | |a Nghiên cứu | ||
| 653 | |a Cây diếp cá | ||
| 653 | |a Điện Bàn - Quảng Nam | ||
| 700 | |a Võ Kim Thành |c Th.S |e Hướng dẫn | ||
| OWN | |a LSP | ||
| 999 | |a From the UDN01 | ||
| TYP | |a Monograph | ||
| TYP | |a Printed language | ||
| 980 | |a Mạng thư viện Đại học Đà Nẵng | ||